LEADER 02819oas 2200853 a 450 001 9910146357903321 005 20251023213013.0 011 $a1873-2895 035 $a(DE-599)ZDB2012396-6 035 $a(DE-599)2012396-6 035 $a(OCoLC)38524896 035 $a(CONSER) 2005233386 035 $a(CKB)954925486742 035 $a(EXLCZ)99954925486742 100 $a19980227a19869999 sy a 101 0 $aeng 181 $ctxt$2rdacontent 182 $cc$2rdamedia 183 $acr$2rdacarrier 200 10$aAtmospheric research 210 $aAmsterdam $cElsevier Science Pub.$d1986- 300 $aRefereed/Peer-reviewed 300 $aTitle from contents screen (ScienceDirect, viewed October 25, 2005). 300 $aSome issues also have distinctive theme titles. 311 08$a0169-8095 330 $a"The journal publishes scientific papers (research papers, review articles, letters and notes) dealing with the part of the atmosphere where meteorological events occur. Attention is given to all processes extending from the earth surface to the tropopause, but special emphasis continues to be devoted to the physics of clouds and precipitation, i.e. atmospheric aerosols; microphysical processes; cloud dynamics and thermodynamics; numerical simulation of cloud processes; clouds and radiation; meso- and macrostructure of clouds and cloud systems, and weather modification." 606 $aMeteorology$vPeriodicals 606 $aAtmosphere$xResearch$vPeriodicals 606 $aAtmosphere$vPeriodicals 606 $aMe?te?orologie$vPe?riodiques 606 $aAtmosphe?re$vPe?riodiques 606 $aAtmosphe?re$xRecherche$vPe?riodiques 606 $aAtmosphere$2fast$3(OCoLC)fst00820323 606 $aAtmosphere$xResearch$2fast$3(OCoLC)fst00820341 606 $aMeteorology$2fast$3(OCoLC)fst01018441 608 $aPeriodicals.$2fast 608 $aPeriodicals.$2lcgft 615 0$aMeteorology 615 0$aAtmosphere$xResearch 615 0$aAtmosphere 615 6$aMe?te?orologie 615 6$aAtmosphe?re 615 6$aAtmosphe?re$xRecherche 615 7$aAtmosphere. 615 7$aAtmosphere$xResearch. 615 7$aMeteorology. 801 0$bOH1 801 1$bOH1 801 2$bOCL 801 2$bOCLCQ 801 2$bGUA 801 2$bMUQ 801 2$bOCLCS 801 2$bVRC 801 2$bGUA 801 2$bOCLCQ 801 2$bOCLCO 801 2$bOCLCQ 801 2$bOCLCF 801 2$bOCLCO 801 2$bVT2 801 2$bOCLCQ 801 2$bEZC 801 2$bNJT 801 2$bOCLCO 801 2$bOCL 801 2$bOCLCQ 801 2$bCGU 801 2$bU3W 801 2$bOCLCQ 906 $aJOURNAL 912 $a9910146357903321 996 $aAtmospheric research$91204998 997 $aUNINA